Una importante sentencia que admite la aplicación del ajuste por inflación en el impuesto a las ganancias del período fiscal 2018 (Registro nro. 35194)
[ vista simple ]
| 000 -LEADER | |
|---|---|
| fixed length control field | 00440 a2200121 4500 |
| 001 - CONTROL NUMBER | |
| control field | ART_51819 |
| 005 - DATE AND TIME OF LATEST TRANSACTION | |
| control field | 20260410162044.0 |
| 008 - FIXED-LENGTH DATA ELEMENTS--GENERAL INFORMATION | |
| fixed length control field | 260409a |
| 100 1# - MAIN ENTRY--PERSONAL NAME | |
| Personal name | Torassa, Marcos R. |
| 245 10 - TITLE STATEMENT | |
| Title | Una importante sentencia que admite la aplicación del ajuste por inflación en el impuesto a las ganancias del período fiscal 2018 |
| 700 1# - ADDED ENTRY--PERSONAL NAME | |
| Personal name | Vidal Quera, Gastón F. |
| 773 0# - HOST ITEM ENTRY | |
| Title | Impuestos |
| Related parts | - N°88 (nov. 2020) |
| Record control number | REV45175 |
No hay ítems disponibles.